<?xml version="1.0" encoding="UTF-8"?>
<record
    xmlns:xsi="http://www.w3.org/2001/XMLSchema-instance"
    xsi:schemaLocation="http://www.loc.gov/MARC21/slim http://www.loc.gov/standards/marcxml/schema/MARC21slim.xsd"
    xmlns="http://www.loc.gov/MARC21/slim">

  <leader>01338cam a2200361Ii 4500</leader>
  <datafield tag="999" ind1=" " ind2=" ">
    <subfield code="c">42746</subfield>
    <subfield code="d">312366</subfield>
  </datafield>
  <controlfield tag="001">877978223</controlfield>
  <controlfield tag="003">OCoLC</controlfield>
  <controlfield tag="005">20190820144945.0</controlfield>
  <controlfield tag="008">140423t20152015paua          001 0 eng d</controlfield>
  <datafield tag="020" ind1=" " ind2=" ">
    <subfield code="a">9780702051319 (3rd ed.)</subfield>
  </datafield>
  <datafield tag="020" ind1=" " ind2=" ">
    <subfield code="a">0702051314 (3rd ed.)</subfield>
  </datafield>
  <datafield tag="020" ind1=" " ind2=" ">
    <subfield code="a">9780323611046</subfield>
  </datafield>
  <datafield tag="020" ind1=" " ind2=" ">
    <subfield code="a">9780702051326 (International ed.)</subfield>
  </datafield>
  <datafield tag="020" ind1=" " ind2=" ">
    <subfield code="a">0702051322 (International ed.)</subfield>
  </datafield>
  <datafield tag="040" ind1=" " ind2=" ">
    <subfield code="a">CUS</subfield>
    <subfield code="b">eng</subfield>
    <subfield code="e">rda</subfield>
    <subfield code="c">CUS</subfield>
    <subfield code="d">DAC</subfield>
    <subfield code="d">OCLCO</subfield>
    <subfield code="d">KIJ</subfield>
    <subfield code="d">KSU</subfield>
    <subfield code="d">UtOrBLW</subfield>
  </datafield>
  <datafield tag="050" ind1=" " ind2="4">
    <subfield code="a">QM23.2</subfield>
    <subfield code="b">.D73 2015</subfield>
  </datafield>
  <datafield tag="060" ind1=" " ind2="4">
    <subfield code="a">QS 4 D762g 2015</subfield>
  </datafield>
  <datafield tag="082" ind1="0" ind2="4">
    <subfield code="a">612</subfield>
    <subfield code="2">23</subfield>
    <subfield code="b">DRG</subfield>
  </datafield>
  <datafield tag="100" ind1="1" ind2=" ">
    <subfield code="a">Drake, Richard L.</subfield>
    <subfield code="q">(Richard Lee),</subfield>
    <subfield code="d">1950-</subfield>
    <subfield code="e">author</subfield>
    <subfield code="9">64806</subfield>
  </datafield>
  <datafield tag="240" ind1="1" ind2="0">
    <subfield code="a">Gray's Anatomy for students (2015)</subfield>
  </datafield>
  <datafield tag="245" ind1="1" ind2="0">
    <subfield code="a">Gray's Anatomy for students /</subfield>
    <subfield code="c">Richard L. Drake, A. Wayne Vogl, Adam W. M. Mitchell ; illustrations by Richard Tibbitts and Paul Richardson ; photographs by Ansell Horn</subfield>
  </datafield>
  <datafield tag="246" ind1="3" ind2="0">
    <subfield code="a">Anatomy for students</subfield>
  </datafield>
  <datafield tag="250" ind1=" " ind2=" ">
    <subfield code="a">Third edition, international edition</subfield>
  </datafield>
  <datafield tag="300" ind1=" " ind2=" ">
    <subfield code="a">xxv, 1,161 pages :</subfield>
    <subfield code="b">illustrations (chiefly color) ;</subfield>
    <subfield code="c">28 cm</subfield>
  </datafield>
  <datafield tag="500" ind1=" " ind2=" ">
    <subfield code="a">Includes index</subfield>
  </datafield>
  <datafield tag="500" ind1=" " ind2=" ">
    <subfield code="a">Previously published: 2010</subfield>
  </datafield>
  <datafield tag="650" ind1=" " ind2="0">
    <subfield code="a">Human anatomy</subfield>
    <subfield code="9">64807</subfield>
  </datafield>
  <datafield tag="650" ind1=" " ind2="2">
    <subfield code="a">Anatomy</subfield>
    <subfield code="9">64808</subfield>
  </datafield>
  <datafield tag="700" ind1="1" ind2=" ">
    <subfield code="a">Vogl, Wayne,</subfield>
    <subfield code="e">author</subfield>
    <subfield code="9">64809</subfield>
  </datafield>
  <datafield tag="700" ind1="1" ind2=" ">
    <subfield code="a">Mitchell, Adam W. M.,</subfield>
    <subfield code="e">author</subfield>
    <subfield code="9">13926</subfield>
  </datafield>
  <datafield tag="700" ind1="1" ind2=" ">
    <subfield code="a">Gray, Henry,</subfield>
    <subfield code="d">1825-1861.</subfield>
    <subfield code="t">Anatomy</subfield>
    <subfield code="9">64810</subfield>
  </datafield>
  <datafield tag="942" ind1=" " ind2=" ">
    <subfield code="2">ddc</subfield>
    <subfield code="c">BOOK</subfield>
  </datafield>
  <datafield tag="952" ind1=" " ind2=" ">
    <subfield code="1">0</subfield>
    <subfield code="2">2018-09-04</subfield>
    <subfield code="4">0</subfield>
    <subfield code="7">0</subfield>
    <subfield code="a">612 DRG</subfield>
    <subfield code="d">2018-09-04</subfield>
    <subfield code="h">CL</subfield>
    <subfield code="i">00657629</subfield>
    <subfield code="m">CL</subfield>
    <subfield code="q">2022-03-02</subfield>
    <subfield code="r">2022-03-02 00:00:00</subfield>
    <subfield code="s">2022-04-01</subfield>
    <subfield code="t">BOOK</subfield>
    <subfield code="w">ddc</subfield>
    <subfield code="y">2</subfield>
  </datafield>
  <datafield tag="952" ind1=" " ind2=" ">
    <subfield code="1">0</subfield>
    <subfield code="2">2018-09-04</subfield>
    <subfield code="4">0</subfield>
    <subfield code="7">0</subfield>
    <subfield code="a">612 DRG</subfield>
    <subfield code="d">2018-09-04</subfield>
    <subfield code="h">CL</subfield>
    <subfield code="i">00657630</subfield>
    <subfield code="m">CL</subfield>
    <subfield code="q">2024-11-07</subfield>
    <subfield code="r">2024-11-07 00:00:00</subfield>
    <subfield code="t">BOOK</subfield>
    <subfield code="w">ddc</subfield>
    <subfield code="y">3</subfield>
  </datafield>
  <datafield tag="952" ind1=" " ind2=" ">
    <subfield code="1">0</subfield>
    <subfield code="2">2019-08-20</subfield>
    <subfield code="4">0</subfield>
    <subfield code="7">0</subfield>
    <subfield code="a">612 DRG</subfield>
    <subfield code="d">2019-08-20</subfield>
    <subfield code="h">AMF</subfield>
    <subfield code="i">00157236</subfield>
    <subfield code="m">AMF</subfield>
    <subfield code="q">2023-08-28</subfield>
    <subfield code="r">2023-09-27 00:00:00</subfield>
    <subfield code="t">BOOK</subfield>
    <subfield code="w">ddc</subfield>
    <subfield code="y">2</subfield>
  </datafield>
  <datafield tag="952" ind1=" " ind2=" ">
    <subfield code="1">0</subfield>
    <subfield code="2">2019-08-20</subfield>
    <subfield code="4">0</subfield>
    <subfield code="7">0</subfield>
    <subfield code="a">612 DRG</subfield>
    <subfield code="d">2019-08-20</subfield>
    <subfield code="h">AMF</subfield>
    <subfield code="i">00157237</subfield>
    <subfield code="m">AMF</subfield>
    <subfield code="q">2021-03-29</subfield>
    <subfield code="r">2021-04-04 00:00:00</subfield>
    <subfield code="t">BOOK</subfield>
    <subfield code="w">ddc</subfield>
    <subfield code="y">1</subfield>
  </datafield>
</record>
